Interstate Love Song lyrics - Statistics

General Stats
  • This quiz has been taken 30 times
  • The average score is 72 of 110
Answer Stats
Hint Answer % Correct
a
100%
be
96%
I
96%
the
96%
on
91%
you
87%
You
87%
afternoon
83%
Sunday
83%
what
83%
between
78%
So
78%
to
78%
Verse [1] Waitin'
78%
lines
74%
southern
74%
train
74%
Chorus [1] | Chorus [2] Leavin'
70%
lied
70%
lied,
70%
read
70%
cry?
65%
do
65%
For
65%
for
65%
Only
65%
only
65%
yesterday
65%
go
61%
is
61%
laugh
61%
lies
61%
Promises
61%
time
61%
All
57%
all
57%
by
57%
hand
57%
me
57%
said
57%
thing
57%
Your
57%
and
52%
I've
52%
of
52%
Feelin'
48%
in
48%
like
48%
Reply?
48%
rusted
48%
seemed
48%
Verse [2] Breathin'
43%
things
43%
hardest
39%
these
39%
watched
39%
that's
35%
With
35%
Goodbye
30%
who
30%
shame
26%
those
26%
at
22%
dead
9%
No matching quizzes found
Score Distribution
Percent of People with Each Score
Percentile by Number Answered
Your Score History
You have not taken this quiz